| 000 | 01552mam a2200385 a 4500 | ||
|---|---|---|---|
| 001 | 2995384 | ||
| 005 | 20220326193309.0 | ||
| 008 | 000417s1999 mx a bc f000 0dspa d | ||
| 020 | _a9701829840 | ||
| 020 | _a1889195405 | ||
| 035 | _a(OCoLC)500941550 | ||
| 035 | _a(OCoLC)ocn500941550 | ||
| 035 | _a(NNC)2995384 | ||
| 040 |
_aMH-FA _cMH-FA _dCStRLIN |
||
| 041 | 0 | _aengspa | |
| 082 |
_a708 _bA118e |
||
| 100 | 1 |
_aAbaroa, Eduardo, _d1968- _91949 |
|
| 245 | 1 | 0 |
_aEduardo Abaroa / _c[textos, Fernando Castrol Florez ... et al.]. |
| 246 | 3 | _aEngendros del ocio y la hipocresía | |
| 246 | 3 | _aFreaks of leisure and hypocrisy, 1991-1999 | |
| 250 | _a[1. ed.] | ||
| 260 |
_aMexico, D.F. : _bInstituto Nacional de Bellas Artes, _c[1999] |
||
| 300 |
_a93 p. : _bill. (some col.) ; _c22 cm. |
||
| 500 | _aCatalog of an exhibition held at the Museo de Arte Carrillo Gil, Mexico City, Aug.4-Nov. 11, 1999; Instituto Cultural Cabanas, Guadalajara, Jan.-Mar., 2000; Track 16, Santa Monica, Summer, 2000. | ||
| 500 | _aCover title : Engendros del ocio y la hipocresía = Freaks of leisure and hypocrisy, 1991-1999. | ||
| 504 | _aIncludes bibliographical references. | ||
| 546 | _aEnglish and Spanish. | ||
| 600 | 1 | 0 |
_aAbaroa, Eduardo, _d1968- _vExhibitions. _91950 |
| 650 |
_aarte mexicano _xarte moderno _91951 |
||
| 700 | 1 |
_aCastro Flórez, Fernando. _91952 |
|
| 710 | 2 |
_aMuseo de Arte Carrillo Gil. _91953 |
|
| 710 | 2 |
_aInstituto Cultural Cabañas (Guadalajara, Mexico) _91954 |
|
| 710 | 2 |
_aTrack 16 Gallery and Mainspace. _91955 |
|
| 999 |
_c407 _d407 |
||